000 00817cam a2200265 a 4500
999 _c18687
_d18687
001 1407661
003 BDDh-ASL
005 20231015025725.0
008 830322s1983 nju b 001 0 eng
010 _a 83042574
020 _a0691053871 (alk. paper) :
_c$30.00
040 _aDLC
_cDLC
_dBDDh-ASL
043 _aa-bg---
_aa-ii---
050 0 0 _aBP63.I42
_bB426 1983
082 0 0 _a297.0954
_219
_bROI
100 1 _aRoy, Asim,
_d1937-
245 1 4 _aThe Islamic syncretistic tradition in Bengal /
_cAsim Roy.
260 _aPrinceton, N.J. :
_bPrinceton University Press,
_cc1983.
300 _axxii, 310 p. ;
_c23 cm.
500 _aIncludes index.
504 _aBibliography: p. [255]-294.
650 0 _aIslam
_zIndia
_zBengal
_xHistory.
906 _a7
_bcbc
_corignew
_d1
_eocip
_f19
_gy-gencatlg
942 _2ddc
_cBK